Arica y alrededores
Salvato in:
| Enti autori: | , |
|---|---|
| Natura: | Libro |
| Lingua: | spagnolo |
| Pubblicazione: |
Santiago
Turiscom
2003
|
| Edizione: | 1a. ed |
| Serie: | Guía Destino
|
| Soggetti: | |
| Tags: |
Aggiungi Tag
Nessun Tag, puoi essere il primo ad aggiungerne!!
|
MARC
| LEADER | 00000nam a2200000 a 4500 | ||
|---|---|---|---|
| 001 | UCK0442 | ||
| 003 | CL-VaPUC | ||
| 008 | 041008e20031223CL |||||||||||||||||spa|d | ||
| 020 | |a 9568237402 | ||
| 082 | 0 | 4 | |a 918.312304 |b TUR |2 21 |
| 110 | 2 | |a TURISCOM |e author |9 488402 | |
| 710 | 2 | |a Turismo y Comunicaciones |e author |9 488403 | |
| 245 | 1 | 0 | |a Arica y alrededores |
| 250 | |a 1a. ed | ||
| 300 | |a 31 p | ||
| 942 | |c BK | ||
| 945 | |d 20041008 00:00:00 |a vberengu | ||
| 260 | |a Santiago |b Turiscom |c 2003 | ||
| 650 | 7 | |a TURISMO CHILENO |2 CL-VaPUC |9 488404 | |
| 650 | 7 | |a GUIAS TURISTICAS |2 CL-VaPUC |9 346990 | |
| 650 | 0 | |a Atractivos turísticos |9 464852 | |
| 651 | 7 | |a CHILE |2 CL-VaPUC |9 488406 | |
| 651 | 0 | |a Zona norte |9 319954 | |
| 583 | |a last modification |c 20180125 11:00:28 |k Rodrigo Vera | ||
| 490 | 0 | |a Guía Destino | |
| 999 | |c 310880 |d 310878 | ||
| 952 | |0 0 |1 0 |4 0 |6 918_312304000000000_TUR_2003 |7 0 |8 P |9 379919 |a BIBARQ |b BIBARQ |d 2019-11-21 |i 4069749 |o 918.312304 TUR 2003 |p 4069749 |r 2025-01-20 |w 2019-11-21 |y BK |k ARQ | ||